Zmeny v antidiskriminačných a pracovnoprávnych sporoch v dôsledku nového Civilného sporového poriadku
NR SR schválila dňa 21.5. 2015 nový Civilný sporový poriadok, ktorý v Zbierke zákonov SR vyšiel ako zákon č. 160/2015 Z.z.
Guardado en:
| Autor principal: | |
|---|---|
| Formato: | Capítulo de libro |
| Lenguaje: | eslovaco |
| Materias: | |
| Etiquetas: |
Sin Etiquetas, Sea el primero en etiquetar este registro!
|
MARC
| LEADER | 00000naa a2200000 4500 | ||
|---|---|---|---|
| 001 | 0222536 | ||
| 005 | 20160928100430.4 | ||
| 041 | 0 | |a slo | |
| 044 | |a SK | ||
| 245 | 1 | 0 | |a Zmeny v antidiskriminačných a pracovnoprávnych sporoch v dôsledku nového Civilného sporového poriadku |c Tatiana Mičudová |
| 520 | |a NR SR schválila dňa 21.5. 2015 nový Civilný sporový poriadok, ktorý v Zbierke zákonov SR vyšiel ako zákon č. 160/2015 Z.z. | ||
| 610 | 2 | 0 | |a vzťahy pracovnoprávne |
| 610 | 2 | 0 | |a poriadok právny |
| 610 | 2 | 0 | |a diskriminácia |
| 610 | 2 | 0 | |a Slovensko |
| 610 | 2 | 0 | |a zákony |
| 610 | 2 | 0 | |a spory pracovné |
| 100 | 1 | |a Mičudová, Tatiana | |